00506 2200193 4500001002100000005001500021035002000036245007600056100002100132250000600153300003300159856001200192700001500204260004500219082000800264084001400272600001400286990001200300INLIS00000000000333320260115014934 a0010-01260000021 aSuper Modul KSN Kompetisi Sains Nasional :bBiologi /cM. Syah Ramadhan0 aM. Syah Ramadhan a1 a300 :bIlust ;c14.5 x 21 cm aRak 5000 aAmak Asofi aJakarta :bPT. Jakarta Sain Media,c2022 a570 a570 M. s 4aNon Fiksi a0754843